|
|
|
|
| LEADER |
00000nam0a2200000 4500 |
| 001 |
56174 |
| 005 |
20231031053204.0 |
| 035 |
|
|
|a (RuTPU)RU\TPU\book\58983
|
| 090 |
|
|
|a 56174
|
| 100 |
|
|
|a 20030925d1974 k y0rusy50 ca
|
| 101 |
0 |
|
|a rus
|
| 102 |
|
|
|a RU
|
| 105 |
|
|
|a a z 001zy
|
| 200 |
1 |
|
|a Полупроводниковые приборы с барьером Шоттки. Физика, технология, применение
|f В. И. Стриха, Е. В. Бузанева, И. А. Радзиевский
|
| 210 |
|
|
|a Москва
|c Советское радио
|d 1974
|
| 215 |
|
|
|a 248 с.
|c ил.
|
| 320 |
|
|
|a Библиогр.: с. 230-244.
|
| 320 |
|
|
|a Предметный указатель: с. 245-246.
|
| 610 |
1 |
|
|a электроника
|
| 610 |
1 |
|
|a полупроводниковая техника
|
| 610 |
1 |
|
|a полупроводниковые приборы
|
| 610 |
1 |
|
|a барьеры Шоттки
|
| 610 |
1 |
|
|a полупроводниковые диоды
|
| 610 |
1 |
|
|a физика
|
| 610 |
1 |
|
|a технология
|
| 610 |
1 |
|
|a применение
|
| 610 |
1 |
|
|a изготовление
|
| 675 |
|
|
|a 621.315.591
|v 3
|
| 700 |
|
1 |
|a Стриха
|b В. И.
|g Виталий Илларионович
|
| 701 |
|
1 |
|a Бузанева
|b Е. В.
|g Евгения Викторовна
|
| 701 |
|
1 |
|a Радзиевский
|b И. А.
|g Игорь Александрович
|
| 702 |
|
1 |
|a Стриха
|b В. И.
|g Виталий Илларионович
|4 340
|
| 801 |
|
1 |
|a RU
|b 63413507
|c 20030925
|g PSBO
|
| 801 |
|
2 |
|a RU
|b 63413507
|c 20150605
|g PSBO
|
| 942 |
|
|
|c BK
|